Communication impact on project oriented teaching in technology supported education

Výskum na Tranavskej univerzite za účelom vplyvu komunikácie študentov a učiteľov pri vzdelávacom projekte. Diskusné fórum - najúčinnejšia forma komunikácie pri tímovej (vzdelávacej) práci. Odporúčania na zavedenie elektronických komunikačných prostriedkov.

Gespeichert in:
Bibliographische Detailangaben
1. Verfasser: Mišút, Martin, 1962-
Weitere Verfasser: Pribulová, Katarína
Format: Buchkapitel
Sprache:Englisch
Schlagworte:
Tags: Tag hinzufügen
Keine Tags, Fügen Sie das erste Tag hinzu!

MARC

LEADER 00000naa$a2200000$$$4500
001 0190039
005 20240502083440.9
041 0 |a eng 
044 |a US 
245 1 0 |a Communication impact on project oriented teaching in technology supported education  |c Martin Mišút, Katarína Pribulová 
520 |a Výskum na Tranavskej univerzite za účelom vplyvu komunikácie študentov a učiteľov pri vzdelávacom projekte. Diskusné fórum - najúčinnejšia forma komunikácie pri tímovej (vzdelávacej) práci. Odporúčania na zavedenie elektronických komunikačných prostriedkov. 
610 2 0 |a komunikácia 
610 2 0 |a technológie komunikačné 
610 2 0 |a vzdelávanie elektronické 
610 2 0 |a Slovensko 
100 1 |a Mišút, Martin, 1962- 
700 1 |a Pribulová, Katarína